Normal view
MARC view
- Carr, Jeffrey
Entry Personal Name
001 - CONTROL NUMBER
- control field: 110998
003 - CONTROL NUMBER IDENTIFIER
- control field: NUST
005 - DATE AND TIME OF LATEST TRANSACTION
- control field: 20230322082951.0
008 - FIXED-LENGTH DATA ELEMENTS
- fixed length control field: 230322|| aca||aabn | a|a d
040 ## - CATALOGING SOURCE
- Original cataloging agency: NUST
- Transcribing agency: NUST
100 ## - HEADING--PERSONAL NAME
- Personal name: Carr, Jeffrey
670 ## - SOURCE DATA FOUND
- Source citation: Work cat.: (NUST): Carr, Jeffrey, Inside Cyber Warfare /
